[Event "TCh-NED Meesterklasse 2011-12"]
[Site "Netherlands NED"]
[Date "2012.03.10"]
[Round "7.1"]
[White "Hoeksema,E"]
[Black "Heemskerk,W"]
[Result "1-0"]
[WhiteElo "2328"]
[BlackElo "2280"]

1.Nf3 e6 2.c4 Nf6 3.Nc3 d5 4.d4 Be7 5.Bf4 O-O 6.e3 Nbd7 7.a3 dxc4 8.Bxc4 Nh5
9.Be5 c5 10.dxc5 Nxe5 11.Nxe5 Qxd1+ 12.Rxd1 Bxc5 13.Ne4 Be7 14.O-O Nf6 15.Nd6 Rb8
16.Bb3 Bxd6 17.Rxd6 Ne4 18.Rd4 Nc5 19.Ba2 f6 20.Rc4 b6 21.Nc6 Rb7 22.b4 Rc7
23.Nd4 Na6 24.Rxc7 Nxc7 25.Rc1 Nd5 26.e4 Nf4 27.g3 Nh3+ 28.Kg2 Ng5 29.h4 Nf7
30.Nxe6 Re8 31.Nc7 Rd8 32.Nd5 Kf8 33.Rc7 Nd6 34.h5 Nb5 35.Rc1 Bb7 36.h6 Bxd5
37.Bxd5 Nxa3 38.Rc7 gxh6 39.Rxa7 Nc2 40.Rxh7 Nxb4 41.Rf7+ Ke8 42.Rxf6 Nxd5
43.exd5 Rxd5 44.Rxh6 Rb5 45.Rh7 Rb2 46.g4 b5 47.Rb7 b4 48.Kg3 b3 49.f4 Rb1
50.Kh4 b2 51.Kg5 Kf8 52.f5 Ke8 53.f6 Kd8 54.f7 Rf1 55.Kg6  1-0

[Event "TCh-FIN SM-Liiga 2011-12"]
[Site "Helsinki FIN"]
[Date "2012.03.11"]
[Round "11.8"]
[White "Gamback,B"]
[Black "Nisula,T"]
[Result "1-0"]
[WhiteElo "2181"]
[BlackElo "1964"]

1.Nf3 Nf6 2.c4 e6 3.Nc3 d5 4.d4 Be7 5.Bf4 O-O 6.e3 c5 7.Rc1 Nc6 8.a3 cxd4
9.exd4 a6 10.c5 b6 11.b4 bxc5 12.bxc5 Qa5 13.Qa4 Bd7 14.Qxa5 Nxa5 15.Bd3 Rfc8
16.Ke2 Nb3 17.Rc2 Nxd4+ 18.Nxd4 Bxc5 19.Nf3 Bxa3 20.Ne5 Be8 21.Rb1 h6 22.Rb7 Bc5
23.Nd1 a5 24.Bb5 Bxb5+ 25.Rxb5 Bb4 26.Nc6 Ne4 27.Nxb4 axb4 28.Rxc8+ Rxc8
29.Rxb4 Nc3+ 30.Nxc3 Rxc3 31.Rb7 Rc4 32.Bd6 Rc6 33.Be5 Rc4 34.Kd3 Ra4 35.Bb2 Rc4
36.f3 Rh4 37.h3 Rc4 38.Bc3 Ra4 39.Kc2 Rc4 40.Rb4 Rc8 41.Kd3 f6 42.Rb7 e5
43.Rd7 d4 44.Bb2 Rb8 45.Bc1 Rc8 46.Bd2 Ra8 47.Rb7 Ra3+ 48.Kc2 Ra2+ 49.Rb2 Ra8
50.Kd3 Ra7 51.Ke4 Kf7 52.Kd5 Rd7+ 53.Kc6 Rd8 54.Rb7+ Kg6 55.g4 Ra8 56.Rb3 Ra2
57.Rd3 h5 58.Kd5 hxg4 59.hxg4 Ra8 60.Ke4 Re8 61.Ra3 Re7 62.Ra6 Rd7 63.f4 exf4
64.Bxf4 Kf7 65.Rd6 Rxd6 66.Bxd6 Ke6 67.Bf8 d3 68.Kxd3 Kd5 69.Ke3 g5 70.Bg7 Ke6
71.Ke4 Kf7 72.Bh6 Kg6 73.Bf8 Kf7 74.Bb4 Kg6 75.Bc3  1-0

[Event "Reykjavik Open"]
[Site "Reykjavik ISL"]
[Date "2012.03.11"]
[Round "6.16"]
[White "Kveinys,A"]
[Black "Cummings,D"]
[Result "1-0"]
[WhiteElo "2512"]
[BlackElo "2341"]

1.Nf3 Nf6 2.c4 e6 3.Nc3 d5 4.d4 Be7 5.Bf4 O-O 6.e3 b6 7.Qc2 Ba6 8.Ne5 dxc4
9.Bxc4 Bxc4 10.Nxc4 Nd5 11.Rd1 Nxf4 12.exf4 Bd6 13.O-O Nd7 14.g3 Nf6 15.Ne5 Qc8
16.Nc6 Nd5 17.Ne4 h6 18.Rc1 Qb7 19.Rfe1 Rac8 20.a3 a5 21.Qb3 Qa6 22.f5 Rce8
23.fxe6 fxe6 24.Rc2 a4 25.Qc4 Qxc4 26.Rxc4 b5 27.Rc2 Rf3 28.Nc5 Rf6 29.Kg2 g5
30.Ne4 Rf7 31.Na7 b4 32.Nxd6 cxd6 33.Nb5 Rd7 34.Rc6 bxa3 35.bxa3 Rb8 36.Nxd6 Nc7
37.Rec1 Nd5 38.Ne4 Re7 39.Rc8+ Rxc8 40.Rxc8+ Kf7 41.Ra8 Nc7 42.Nd6+ Kg6 43.Ra7 Nd5
44.Rxa4 Rd7 45.Ra6 g4 46.h3 h5 47.Ne4 Nc7 48.Rd6 Rg7 49.a4 Kf5 50.Nc5 h4
51.hxg4+ Rxg4 52.Rd8 Kf6 53.Nd7+ Ke7 54.Ne5 Kxd8 55.Nxg4 hxg3 56.fxg3 Ke7
57.Kf3 Kd6 58.Ne3  1-0

[Event "ch-Moscow w 2012"]
[Site "Moscow RUS"]
[Date "2012.03.20"]
[Round "4"]
[White "Grigoryeva,O2"]
[Black "Vlasova,D"]
[Result "1-0"]
[WhiteElo "2157"]
[BlackElo "1879"]

1.d4 d5 2.c4 e6 3.Nc3 Be7 4.Nf3 Nf6 5.Bf4 O-O 6.e3 c5 7.dxc5 Bxc5 8.cxd5 Nxd5
9.Nxd5 exd5 10.a3 Nc6 11.Bd3 h6 12.b4 Bd6 13.Bxd6 Qxd6 14.b5 Ne5 15.Nxe5 Qxe5
16.O-O Be6 17.Rc1 Rac8 18.Qa4 Rc3 19.Rxc3 Qxc3 20.Bb1 Bd7 21.Rd1 a6 22.Bd3 Qc5
23.Rb1 axb5 24.Bxb5 Bxb5 25.Qxb5 Qxa3 26.Qxb7 Qc5 27.Qb4 Qxb4 28.Rxb4 Ra8
29.g3 g6 30.Kg2 Kg7 31.Rb6 Rd8 32.Kf3 Ra8 33.Rd6 Ra5 34.h4 Kf8 35.h5 Kg7
36.hxg6 fxg6 37.Kf4 Ra2 38.f3 Ra4+ 39.Ke5 h5 40.Rxd5 h4 41.gxh4 Rxh4 42.Rd7+ Kf8
43.Kf6 Ke8 44.Re7+ Kd8 45.Re5 Rh3 46.f4 Rg3 47.e4 Rg4 48.f5 gxf5 49.exf5 Ra4
50.Kg6 Ra1 51.f6 Rg1+ 52.Kf7 Rf1 53.Kg7 Rg1+ 54.Kf8 Kd7 55.Re4 Rf1 56.f7 Rg1
57.Rd4+ Kc7 58.Ke7 Re1+ 59.Kf6 Rf1+ 60.Ke6 Re1+ 61.Kf5  1-0

[Event "13th EICC"]
[Site "Plovdiv BUL"]
[Date "2012.03.20"]
[Round "1.62"]
[White "Khenkin,I"]
[Black "Fedorovsky,M"]
[Result "1-0"]
[WhiteElo "2632"]
[BlackElo "2395"]

1.Nf3 d5 2.d4 Nf6 3.c4 e6 4.Nc3 Be7 5.Bf4 O-O 6.e3 Nbd7 7.c5 Nh5 8.Be2 Nxf4
9.exf4 b6 10.b4 a5 11.a3 c6 12.O-O Qc7 13.Qd2 Ba6 14.Bxa6 Rxa6 15.Rfe1 Bf6
16.g3 g6 17.h4 Rfa8 18.Rab1 axb4 19.axb4 h5 20.Kg2 Ra3 21.Re3 Qd8 22.b5 Nxc5
23.bxc6 Ne4 24.Qe1 Nxc3 25.Rxc3 Rxc3 26.Qxc3 Qc7 27.Rc1 Kg7 28.Qb3 Ra5 29.Ne5 Be7
30.f5 exf5 31.Nd7 Bd6 32.Nxb6 Ra3 33.Qc2 Ra5 34.Qb3 Ra3 35.Qb5 Bxg3 36.Nxd5 Qd6
37.Qc5 Ra2 38.Qxd6 Bxd6 39.c7 Bxc7 40.Nxc7 Rd2 41.Nb5 Rb2 42.Rc5 Kf6 43.Kf3 Rb3+
44.Nc3 Ke6 45.Ke3 Ra3 46.d5+ Kd7 47.Kd4 Ra1 48.Nb5 Rh1 49.Rc7+ Kd8 50.Rxf7 Rxh4+
51.Kc5  1-0

[Event "13th EICC"]
[Site "Plovdiv BUL"]
[Date "2012.03.22"]
[Round "3.17"]
[White "Khairullin,I"]
[Black "Stefansson,H"]
[Result "1/2-1/2"]
[WhiteElo "2626"]
[BlackElo "2531"]

1.d4 Nf6 2.c4 e6 3.Nf3 d5 4.Nc3 Be7 5.Bf4 O-O 6.a3 c5 7.dxc5 Bxc5 8.e3 dxc4
9.Bxc4 Qxd1+ 10.Rxd1 a6 11.Be2 b5 12.Bd6 Bxd6 13.Rxd6 Bb7 14.O-O Nc6 15.Nd2 Rfd8
16.Rxd8+ Rxd8 17.Nb3 Nd7 18.Rc1 Kf8 19.Kf1 Ke7 20.Ne4 Nce5 21.Nec5 Bd5 22.Nxd7 Rxd7
23.Na5 Kd6 24.f4 Nc6 25.Nxc6 Bxc6 26.Rd1+ Kc5 27.b4+ Kb6 28.Rxd7 Bxd7 29.Bd3 h6
30.Kf2 Kc6 31.e4 f6 32.Ke3 Kd6 33.Be2 Be8 34.Bg4 g5 35.e5+ fxe5 36.fxg5 hxg5
37.Bf3 Bg6 38.g3 Bf5 39.h4 gxh4 40.gxh4 Ke7 41.Bb7 Bg6 42.Bxa6 Be8 43.Bb7 Kf6
44.Be4 Kg7 45.Bf3 Kf6 46.Be2 Bc6 47.Bd3 Kg7 48.Kf2 Kh6 49.Kg3 Kh5 50.Be2+ Kh6
51.Kg4 Kg6 52.Bd3+ Kh6 53.Be2 Kg6 54.Bd3+ Kh6 55.Be2  1/2-1/2

[Event "13th EICC"]
[Site "Plovdiv BUL"]
[Date "2012.03.22"]
[Round "3.16"]
[White "Grandelius,N"]
[Black "Melkumyan,H"]
[Result "0-1"]
[WhiteElo "2545"]
[BlackElo "2628"]

1.d4 d5 2.c4 e6 3.Nf3 Nf6 4.Nc3 Be7 5.Bf4 O-O 6.a3 c6 7.e3 Nbd7 8.Qc2 b6
9.cxd5 exd5 10.Bd3 Re8 11.Nb5 cxb5 12.Bc7 Bb4+ 13.axb4 Qe7 14.Qb3 Bb7 15.Bxb5 Rec8
16.Bg3 a6 17.Bd3 b5 18.O-O Ne4 19.Rfc1 Nb6 20.Bh4 f6 21.Ne1 Nc4 22.Be2 g5
23.Bg3 Qf7 24.Nc2 h5 25.f3 Nxg3 26.hxg3 Qc7 27.Kf2 h4 28.gxh4 gxh4 29.f4 Qg7
30.Rh1 Nd2 31.Qd3 Ne4+ 32.Kg1 Kf7 33.Ne1 Qg3 34.Rh3 Qf2+ 35.Kh2 Rh8 36.Bg4 Rag8
37.Qe2 Rxg4 38.Qxg4 Bc8 39.Qf3 Qxb2 40.Rd1 Qxb4 41.Rc1 Bf5 42.Rc7+ Kg6 43.Nd3 Qd6
44.Ra7 Qb6 45.Ra8 Rxa8 46.Rxh4 Kg7 47.Qh5 Qe6 48.g4 Bg6 49.Qh6+ Kf7 50.f5 Bxf5
51.Nf4 Qc8 52.Qh5+ Ke7 53.gxf5 Qc2+ 54.Kh3 Ng5+ 55.Kg3 Qxf5 56.Qd1 Rg8 57.Qc1 Rc8
58.Qa3+ Kf7 59.Qxa6 Ne4+ 60.Kf3 Ng5+ 61.Kg3 Qd7 62.Rh6 Ne4+ 63.Kf3 Rg8 64.Ne6 Qxe6
65.Qa7+ Kf8 66.Rh7 Qg4+  0-1

[Event "13th EICC"]
[Site "Plovdiv BUL"]
[Date "2012.03.22"]
[Round "3.83"]
[White "Pashikian,A"]
[Black "Kanmazalp,O"]
[Result "0-1"]
[WhiteElo "2618"]
[BlackElo "2389"]

1.d4 d5 2.c4 e6 3.Nf3 Nf6 4.Nc3 Be7 5.Bf4 O-O 6.e3 Nbd7 7.Be2 dxc4 8.O-O a6
9.a4 c5 10.d5 exd5 11.Nxd5 Nxd5 12.Qxd5 Nf6 13.Qxd8 Rxd8 14.Bxc4 Nd5 15.Be5 Be6
16.Rfc1 f6 17.Bg3 Kf7 18.Kf1 Nb4 19.Ke2 Bxc4+ 20.Rxc4 b5 21.Rc3 c4 22.Nd4 Bc5
23.axb5 Bxd4 24.Rxc4 Bxb2 25.Rb1 Nd3 26.b6 Be5 27.b7 Rab8 28.Rd4 Bxd4 29.exd4 Ne5
30.dxe5 fxe5 31.Bxe5 Re8 32.f4 Re7 33.Ra1 Re6 34.Rb1 Re7 35.Ra1 Rbxb7 36.Rxa6 Rb3
37.h3 Rd7 38.Ra5 Rg3 39.Kf2 Rgd3 40.Ra8 h5 41.Rh8 Kg6 42.f5+ Kxf5 43.Rxh5+ g5
44.Bb8 Rd8 45.Ba7 Kg6 46.g4 Ra8 47.Ke2 Rg3 48.Kf2 Rb3 49.Be3 Ra2+ 50.Kf3 Raa3
51.Rxg5+ Kf6 52.Rf5+ Ke6 53.h4 Rxe3+ 54.Kf4 Rf3+  0-1

[Event "13th EICC"]
[Site "Plovdiv BUL"]
[Date "2012.03.27"]
[Round "7.3"]
[White "Fressinet,L"]
[Black "Matlakov,M"]
[Result "1/2-1/2"]
[WhiteElo "2693"]
[BlackElo "2632"]

1.Nf3 d5 2.d4 Nf6 3.c4 e6 4.Nc3 Be7 5.Bf4 O-O 6.e3 Nbd7 7.Be2 dxc4 8.O-O c5
9.dxc5 Nxc5 10.Bxc4 a6 11.Ne5 Ncd7 12.Be2 Nxe5 13.Bxe5 Qa5 14.Bg3 Bd7 15.Bf3 Rad8
16.Qb3 b5 17.Rfc1 Rc8 18.Ne2 Rxc1+ 19.Rxc1 Rc8 20.Rxc8+ Bxc8 21.Qc3 Qxc3
22.Nxc3 Kf8 23.Kf1 Bb4 24.Ne2 Nd5 25.a3 Be7 26.Be5 Bf6 27.Bxf6 Nxf6 28.Ke1 e5
29.Nc3 Ke7 30.Kd2 Kd6 31.b4 Bd7 32.Bd1 Bc6 33.f3 Nd7 34.Bb3 f5 35.Ke2 Nf6
36.g3 g5 37.f4 gxf4 38.exf4 exf4 39.gxf4 h6 40.Bc2 Ke6 41.h3 Bg2 42.h4 Bc6
43.Ke3 Bd7 44.Bd1 Kd6 45.Kd4 Bc6 46.Be2 Ng8 47.Bh5 Ne7 48.Ne2 Bd7 49.Nc1 a5
50.bxa5 Nc6+ 51.Kc3 Nxa5 52.Be2 Kd5 53.Bf3+ Kd6 54.Be2 Kd5 55.Bf3+ Kd6 56.Ne2 Bc6
57.Bh5 Nc4 58.Nd4 Bd7 59.a4 Nb6 60.axb5 Nd5+  1/2-1/2

[Event "European Senior Teams 2012"]
[Site "Rogaska Slatina SLO"]
[Date "2012.03.27"]
[Round "1.15"]
[White "Giulian,P"]
[Black "Scholes,J ENG"]
[Result "1-0"]
[WhiteElo "2290"]
[BlackElo "2100"]

1.d4 e6 2.c4 d5 3.Nf3 Nf6 4.Nc3 Be7 5.Bf4 O-O 6.e3 c6 7.c5 b6 8.b4 bxc5 9.bxc5 Qa5
10.Qd2 Ba6 11.h3 Nfd7 12.g4 f6 13.Bxa6 Nxa6 14.O-O e5 15.Nxd5 Qd8 16.Nxe7+ Qxe7
17.Bg3 Nc7 18.Rab1 Rfd8 19.Qc2 Qe6 20.Rb7 Nd5 21.dxe5 fxe5 22.Qxh7+ Kxh7
23.Ng5+ Kg8 24.Nxe6 Re8 25.Rxd7 Rxe6 26.Rd6 Rae8 27.Rxe6 Rxe6 28.Rc1 Kf7
29.Rc4 Re7 30.h4 e4 31.Bd6 Rb7 32.Rxe4 Rb1+ 33.Kg2 Rb2 34.a4 Nc3 35.Re7+ Kg8
36.Be5 Rc2 37.Rxg7+ Kf8 38.Bxc3 Rxc3 39.Rxa7  1-0

[Event "ch-CHN 2012"]
[Site "Xinghua CHN"]
[Date "2012.03.27"]
[Round "1"]
[White "Ding Liren"]
[Black "Wang Yue"]
[Result "1-0"]
[WhiteElo "2660"]
[BlackElo "2702"]

1.d4 Nf6 2.c4 e6 3.Nf3 d5 4.Nc3 Be7 5.Bf4 O-O 6.a3 dxc4 7.e3 Nd5 8.Bxc4 Nxf4
9.exf4 c5 10.dxc5 Qc7 11.g3 Qxc5 12.Qe2 Nd7 13.O-O Qh5 14.Rfd1 Rd8 15.Nd5 Bd6
16.Ne3 Nf8 17.Ne5 Qxe2 18.Bxe2 Be7 19.Bf3 Rxd1+ 20.Rxd1 Rb8 21.Rc1 Bd8 22.N3c4 f6
23.Nf7 Be7 24.Ncd6 Bd7 25.Rc7 b5 26.f5 exf5 27.Rxa7 h6 28.Bd5 Kh7 29.Rc7 Kg6
30.Nb7 h5 31.b4 h4 32.f4 Ra8 33.Na5 Ra6 34.Kf2 hxg3+ 35.hxg3 Rb6 36.Rb7 Ra6
37.Rc7 Rb6 38.Ke3 Be6 39.Nc6 Rxc6 40.Nh8+ Kh7 41.Bxc6 Bd6 42.Rb7 Kxh8 43.Rxb5 g5
44.Bd5 Kg7 45.Bxe6 Nxe6 46.Rb6 gxf4+ 47.gxf4 Bxf4+ 48.Kf3 Nc7 49.a4 Bh2 50.a5 Nd5
51.Rb5 Ne7 52.a6 Bg1 53.Rb7 Kf8 54.b5 Nd5 55.Rd7 Nc3 56.Kg2 Bb6 57.Rd6 Na4
58.Rd7 Nc3 59.Rb7 Nd5 60.Kf1 Ke8 61.Ke2 f4 62.Kd3 f3 63.a7 Bxa7 64.Rxa7 f2
65.Ra1 Kd7 66.Rf1 Nf4+ 67.Kc4 Nh3 68.Kc5 Kc7 69.b6+ Kb7 70.Kb5 f5 71.Ka5 f4
72.Kb5 Ng5 73.Rxf2 Ne6 74.Rd2 f3 75.Rd7+ Kc8 76.Rf7 Kb8 77.Rf6 Nd4+ 78.Ka6  1-0

[Event "13th EICC"]
[Site "Plovdiv BUL"]
[Date "2012.03.28"]
[Round "8.46"]
[White "Potkin,V"]
[Black "Radulski,J"]
[Result "1/2-1/2"]
[WhiteElo "2669"]
[BlackElo "2552"]

1.d4 d5 2.c4 e6 3.Nc3 Nf6 4.Nf3 Be7 5.Bf4 O-O 6.e3 c5 7.dxc5 Bxc5 8.cxd5 Nxd5
9.Nxd5 exd5 10.a3 Nc6 11.Bd3 Bg4 12.O-O Bd6 13.h3 Bh5 14.g4 Bg6 15.Bxg6 hxg6
16.Qxd5 Bxf4 17.Qxd8 Nxd8 18.exf4 Ne6 19.f5 gxf5 20.gxf5 Nf4 21.Rae1 Rfe8
22.Kh2 Nd3 23.Rxe8+ Rxe8 24.Rd1 Nxb2 25.Rd7 Nc4 26.Rxb7 Nxa3 27.Ng5 Ra8 28.Rxf7 Nb5
29.Rd7 a5 30.Ne4 a4 31.f6 gxf6 32.Nxf6+ Kf8 33.Nh7+ Kg8 34.Nf6+ Kf8 35.Nh7+ Kg8
36.Nf6+ Kf8  1/2-1/2

[Event "TCh-CZE Liga 1 Zapad"]
[Site "Czech Rep CZE"]
[Date "2012.04.01"]
[Round "11.5"]
[White "Meduna,E1"]
[Black "Vachal,Jos2"]
[Result "1-0"]
[WhiteElo "2420"]
[BlackElo "2191"]

1.d4 Nf6 2.c4 e6 3.Nf3 d5 4.Nc3 Be7 5.Bf4 O-O 6.e3 Nbd7 7.c5 Nh5 8.Bd3 f5
9.O-O c6 10.b4 Nxf4 11.exf4 b6 12.Re1 Rf6 13.Qd2 a5 14.a3 h6 15.g3 Bf8 16.Rab1 Qc7
17.Rec1 axb4 18.axb4 b5 19.Ra1 Rxa1 20.Rxa1 Nb8 21.Ra5 Na6 22.Na4 Be7 23.Nb6 Bb7
24.Ne5 Bd8 25.Nxc6 Qxc6 26.Bxb5 Qc7 27.Bxa6 Bxa6 28.Rxa6 Qb7 29.b5  1-0

[Event "European Senior Teams 2012"]
[Site "Rogaska Slatina SLO"]
[Date "2012.04.02"]
[Round "7.1"]
[White "Shvedchikov,A"]
[Black "Zivkovic,L1"]
[Result "1/2-1/2"]
[WhiteElo "2405"]
[BlackElo "2279"]

1.c4 Nf6 2.Nc3 e6 3.Nf3 d5 4.d4 Be7 5.Bf4 c6 6.e3 O-O 7.Qc2 b6 8.Be2 Bb7
9.O-O Nbd7 10.e4 Nxe4 11.Nxe4 dxe4 12.Qxe4 Nf6 13.Qe3 Re8 14.Rad1 Qc8 15.h3 c5
16.Bg5 Qc7 17.Bf4 Qc8 18.Bg5 Qc7  1/2-1/2

[Event "IND-ISR Match 2012"]
[Site "New Delhi IND"]
[Date "2012.04.03"]
[Round "3.2"]
[White "Gupta,Ab"]
[Black "Golod,V"]
[Result "0-1"]
[WhiteElo "2643"]
[BlackElo "2561"]

1.d4 d5 2.c4 e6 3.Nc3 Be7 4.Nf3 Nf6 5.Bf4 O-O 6.e3 Nbd7 7.a3 c6 8.h3 b6 9.cxd5 Nxd5
10.Nxd5 exd5 11.Bd3 Bb7 12.O-O c5 13.Rc1 Nf6 14.Ne5 a6 15.dxc5 bxc5 16.Bb1 Bd6
17.Nd3 Bxf4 18.Nxf4 Qb6 19.Qc2 Rac8 20.Rfd1 Rfd8 21.Qe2 g6 22.h4 d4 23.e4 Re8
24.f3 c4 25.Qf2 Red8 26.e5 Nd7 27.Rxd4 Nxe5 28.Rxd8+ Qxd8 29.Re1 Qf6 30.Qe3 Re8
31.Qd2 Nxf3+ 32.gxf3 Rxe1+ 33.Qxe1 Qxf4 34.Be4 Bxe4 35.fxe4 Qe5 36.Qe2 Qd4+
37.Kg2 Kg7 38.e5 Qxh4 39.Qe3 Qg4+ 40.Kf2 h5 41.Qc5 Qf5+ 42.Kg2 Qe4+ 43.Kg3 h4+
44.Kh3 g5 45.Qd6 Qf3+ 46.Kh2 g4 47.e6 Qe2+ 48.Kg1 Qxe6 49.Qd4+ f6 50.Qf4 Kg6
51.a4 Qe1+  0-1

[Event "VIII Lubuska Wiosna Open"]
[Site "Gorzow Wielkopolski POL"]
[Date "2012.04.06"]
[Round "6"]
[White "Chomski,M"]
[Black "Lanica,Lukasz"]
[Result "0-1"]
[WhiteElo "1841"]
[BlackElo "1633"]

1.d4 Nf6 2.Nf3 d5 3.c4 e6 4.Nc3 Be7 5.Bf4 O-O 6.e3 c6 7.c5 Nbd7 8.Bd3 Re8
9.O-O Nf8 10.h3 Ng6 11.Bh2 Nd7 12.b4 b6 13.b5 Bb7 14.bxc6 Bxc6 15.Nb5 Bxb5
16.Bxb5 a6 17.Bxd7 Qxd7 18.cxb6 Bd6 19.Rb1 Bxh2+ 20.Nxh2 Rab8 21.a4 a5 22.Rb5 Ne7
23.Nf3 Nc6 24.Ne5 Qb7 25.Nxc6 Qxc6 26.Qb3 Rb7 27.Rb1 Reb8 28.Rc5 Qd6 29.Rxa5 h6
30.Rb5 Rc8 31.a5 Ra8 32.Rc5 f5 33.Qb5 f4 34.a6 Rf7 35.b7 Raf8 36.b8=Q Qe7
37.Qe5 Qh4 38.Rb2 f3 39.Qg3 Qd8 40.Qa5 Qf6 41.a7 fxg2 42.a8=R Qf5 43.Rxf8+ Rxf8
44.Rc7 g5 45.Rbb7 Qg6 46.Rg7+ Qxg7 47.Rxg7+  0-1

[Event "6th Philadelphia Open"]
[Site "Philadelphia USA"]
[Date "2012.04.07"]
[Round "7.12"]
[White "Shahade,G"]
[Black "Santarius,E"]
[Result "1-0"]
[WhiteElo "2475"]
[BlackElo "2292"]

1.Nf3 d5 2.d4 Nf6 3.c4 e6 4.Nc3 Be7 5.Bf4 O-O 6.e3 b6 7.cxd5 Nxd5 8.Nxd5 exd5
9.Be2 c5 10.dxc5 bxc5 11.O-O Nc6 12.Rc1 Be6 13.Qa4 Qb6 14.Rfd1 a5 15.Ne5 Nxe5
16.Bxe5 Qb4 17.Qc2 Rfd8 18.Bf3 Ra7 19.Bc3 Qb6 20.Qa4 Raa8 21.b3 Ra7 22.Rd2 Qb8
23.Rcd1 Qa8 24.h3 h6 25.Qf4 Rad7 26.Qa4 Ra7 27.Qf4 Rad7 28.h4 Qa7 29.Qa4 Rd6
30.Be5 R6d7 31.Bc3 Rd6 32.h5 Bf8 33.Qxa5 Qxa5 34.Bxa5 Ra8 35.Bc3 Rda6 36.Bxd5 Bxd5
37.Rxd5 Rxa2 38.Rd8 R2a3 39.Be5 f6 40.Bf4 Ra1 41.Rxa1 Rxd8 42.g4 Rd2 43.Ra8 Kf7
44.Kg2 Rb2 45.Rb8 Be7 46.Kf3 Ke6 47.e4 Rb1 48.Rb6+ Kf7 49.Be3 Rb2 50.Kf4 Ra2
51.Rb5 Ke6 52.Rb6+ Kf7 53.Kf5 Ra5 54.Bd2 Ra2 55.Be3 Ra5 56.f4 c4+ 57.e5 cxb3
58.Rxb3 fxe5 59.fxe5 Kg8 60.Ke6 Bh4 61.Rd3 Ra4 62.Kf5 Ra5 63.Rb3 Be7 64.Rb8+ Kh7
65.Rb7 Bh4 66.Bd4 Ra4 67.Rd7 Ra5 68.Ke4 Ra6 69.Kd5 Ra5+ 70.Kc4 Ra4+ 71.Kb5 Ra8
72.e6 Rg8 73.Rf7 Rb8+ 74.Kc6 Kg8 75.Rxg7+ Kf8 76.Rf7+ Ke8 77.Bc5  1-0

[Event "II Brazil Open 2012"]
[Site "Fortaleza BRA"]
[Date "2012.04.08"]
[Round "6"]
[White "Macedo,MIa"]
[Black "Molina,Rob"]
[Result "1/2-1/2"]
[WhiteElo "2328"]
[BlackElo "2407"]

1.d4 d5 2.c4 e6 3.Nc3 Be7 4.Nf3 Nf6 5.Bf4 O-O 6.e3 Nbd7 7.c5 c6 8.h3 b6 9.b4 a5
10.a3 Bb7 11.Bd3 Qc8 12.O-O Ba6 13.Re1 Bxd3 14.Qxd3 Qb7 15.Rec1 Ra7 16.Qd1 Rfa8
17.Nd2 axb4 18.axb4 Rxa1 19.Rxa1 Rxa1 20.Qxa1 bxc5 21.bxc5 e5 22.Bg3 exd4
23.exd4 Nh5 24.Bh2 Bg5 25.Nf3 Bf4 26.Ne2 Bxh2+ 27.Kxh2 g6 28.Qc1 Qb8+ 29.g3 Qe8
30.Qe3 Qxe3 31.fxe3 f6 32.g4 Ng7 33.Nf4 Kf7 34.Kg3 Nb8  1/2-1/2

[Event "II Brazil Open 2012"]
[Site "Fortaleza BRA"]
[Date "2012.04.08"]
[Round "6"]
[White "Araujo,Vitor Angelo Lima"]
[Black "Lemos,Anderson Willian Pereira"]
[Result "1-0"]
[WhiteElo "1665"]
[BlackElo "1941"]

1.d4 Nf6 2.c4 e6 3.Nf3 d5 4.Nc3 Be7 5.Bf4 O-O 6.e3 c6 7.Bd3 dxc4 8.Bxc4 Nbd7
9.O-O Nb6 10.Bb3 Nbd5 11.Bg3 h6 12.Re1 Nh5 13.e4 Ndf4 14.Qd2 Nxg3 15.hxg3 Ng6
16.Rad1 Kh8 17.d5 exd5 18.exd5 cxd5 19.Nxd5 Bc5 20.Qc2 Qa5 21.Nd2 Bg4 22.Rc1 Rac8
23.Nc4 Bxf2+ 24.Qxf2 Qxd5 25.Ne5  1-0

[Event "Karposh Open 2012"]
[Site "Skopje MKD"]
[Date "2012.04.11"]
[Round "6.1"]
[White "Georgiev,Ki"]
[Black "Berkes,F"]
[Result "1/2-1/2"]
[WhiteElo "2671"]
[BlackElo "2682"]

1.d4 d5 2.c4 e6 3.Nc3 Be7 4.Nf3 Nf6 5.Bf4 O-O 6.e3 Nbd7 7.Be2 dxc4 8.Bxc4 a6
9.a4 c5 10.O-O cxd4 11.Qxd4 Nb6 12.Bb3 Qxd4 13.Nxd4 Bd7 14.a5 Nbd5 15.Nxd5 Nxd5
16.Bxd5 exd5 17.Rfc1 Rac8 18.Bc7 Bf6 19.Bd6 Rxc1+ 20.Rxc1 Rc8 21.Rxc8+ Bxc8
22.f3 h5 23.Kf2 g5 24.b3 Bxd4 25.exd4 Kg7 26.Be7 f6 27.g3 Bf5 28.h4 gxh4
29.gxh4 Bc2 30.b4 Kf7 31.Bd8 Ke6 32.Ke3 Kf5  1/2-1/2

[Event "Karposh Open 2012"]
[Site "Skopje MKD"]
[Date "2012.04.12"]
[Round "7.10"]
[White "Kozul,Z"]
[Black "Likavsky,T"]
[Result "1-0"]
[WhiteElo "2602"]
[BlackElo "2486"]

1.d4 Nf6 2.c4 e6 3.Nf3 d5 4.Nc3 Be7 5.Bf4 O-O 6.e3 Nbd7 7.Bd3 dxc4 8.Bxc4 a6
9.Ne5 Nxe5 10.Bxe5 b5 11.Be2 Bb7 12.Bf3 Qc8 13.Rc1 c5 14.Bxf6 gxf6 15.O-O c4
16.b3 Ba3 17.Rc2 Bxf3 18.Qxf3 cxb3 19.axb3 b4 20.Ra1 f5 21.Qd1 bxc3 22.Rxa3 Qc6
23.Ra4 Rfc8 24.Rc4 Qb5 25.R2xc3 Rxc4 26.bxc4 Qb4 27.Qb3 a5 28.c5 Kf8 29.Kf1 Ke7
30.Ke2 Kd7 31.Kd3 Kc6 32.g3 Rb8 33.Qxb4 Rxb4 34.Rc4 Rb2 35.Rc2 Rb1 36.Kc4 h5
37.h4 Rb4+ 38.Kc3 Rb1 39.Ra2 Rf1 40.Kd3 Kb5 41.Rb2+ Kc6 42.Ke2 Ra1 43.Kf3 a4
44.Rb6+ Kd5 45.Kf4 a3 46.Kg5 Rf1 47.Ra6 Rxf2 48.Rxa3 Rf3 49.Kf6 Ke4 50.c6 Rxg3
51.c7 Rg8 52.Kxf7 Rc8 53.Rc3 f4 54.exf4 Kxd4 55.Rc1  1-0

[Event "19th TCh-RUS 2012"]
[Site "Sochi RUS"]
[Date "2012.04.14"]
[Round "6"]
[White "Gagarin,V"]
[Black "Nakhapetiane,P"]
[Result "1-0"]
[WhiteElo "2378"]
[BlackElo "2504"]

1.d4 d5 2.c4 e6 3.Nc3 Be7 4.Nf3 Nf6 5.Bf4 O-O 6.e3 b6 7.cxd5 Nxd5 8.Nxd5 Qxd5
9.Bd3 Qa5+ 10.Nd2 Ba6 11.Bxa6 Nxa6 12.O-O c5 13.Qe2 Rfd8 14.Nb3 Qa4 15.dxc5 bxc5
16.Be5 Rac8 17.Bc3 Nc7 18.Rfc1 Nd5 19.Ba5 Nb6 20.Bc3 Rd7 21.Nd2 Nd5 22.Nc4 Nxc3
23.Rxc3 Bf6 24.Rc2 Rb8 25.g3 Rb4 26.Kg2 h6 27.h4 e5 28.e4 Rd4 29.Ne3 Rxe4
30.Rxc5 Qd7 31.Rac1 Qb7 32.Rc8+ Kh7 33.Qf3 Rxe3 34.Qxb7 Rxb7 35.fxe3 Rxb2+
36.R1c2 Rb6 37.R8c7 Ra6 38.Rxf7 Kg6 39.Rb7 Ra4 40.Rbc7 h5 41.R7c4 Ra3 42.e4 Bd8
43.Rc6+ Kf7 44.R6c3 Ra4 45.Kf3 Bb6 46.Re2 Bd4 47.Rb3 Rc4 48.g4 hxg4+ 49.Kxg4 Rc1
50.Rf3+ Ke6 51.Rf5 Rg1+ 52.Kh3 Rh1+ 53.Kg3 Rg1+ 54.Kh2 Rg4 55.Rh5 Kf6 56.Kh3 Rf4
57.Rg5 a5 58.Reg2 Rxe4 59.Rg6+ Kf5 60.R2g5+ Kf4 61.Rg4+ Kf3 62.Rxe4 Kxe4
63.Rxg7 Kd3 64.Kg2 e4 65.Rd7 Kc3 66.h5 Bf6 67.h6 a4 68.Ra7 Kb4 69.h7 Ka3
70.Kf1 Bd4 71.Ra8 Bf6 72.Ke2 Bd4 73.Re8  1-0

[Event "Schachbundesliga 2011-12"]
[Site "Dortmund GER"]
[Date "2012.04.15"]
[Round "15"]
[White "Colpe,M"]
[Black "Straeter,T"]
[Result "0-1"]
[WhiteElo "2245"]
[BlackElo "2327"]

1.d4 d5 2.c4 e6 3.Nc3 Be7 4.Nf3 Nf6 5.Bf4 O-O 6.Rc1 Nbd7 7.cxd5 exd5 8.e3 c6
9.h3 Re8 10.Bd3 Nf8 11.O-O Ng6 12.Bh2 Bd6 13.Bxd6 Qxd6 14.Rb1 Ne4 15.Bxe4 dxe4
16.Ng5 f5 17.Qb3+ Be6 18.Nxe6 Qxe6 19.Qxb7 Rab8 20.Qc7 f4 21.exf4 Rbc8 22.Qa5 c5
23.Ne2 Nh4 24.dxc5 e3 25.f3 Qg6 26.g3 Nxf3+ 27.Kg2 Nd2 28.Rbd1 Qe4+ 29.Kg1 Nf3+
30.Rxf3 Qxf3 31.Qb5 Qf2+ 32.Kh1 Red8 33.Rg1 Qf3+ 34.Kh2 Rd2 35.Rg2 Qd5 36.b4 Qxa2
37.f5 Rcd8 38.c6 a6 39.Qb6 Re8 40.Nf4 Rxg2+ 41.Nxg2 Qxg2+ 42.Kxg2 e2 43.c7 e1=Q
44.Qb8 Qd2+ 45.Kf3 Qd5+ 46.Kf4 Qe5+  0-1

[Event "14th Dubai Open 2012"]
[Site "Dubai UAE"]
[Date "2012.04.19"]
[Round "5.25"]
[White "Grover,S"]
[Black "Hrabinska,M"]
[Result "1-0"]
[WhiteElo "2517"]
[BlackElo "2273"]

1.d4 Nf6 2.c4 e6 3.Nf3 d5 4.Nc3 Be7 5.Bf4 O-O 6.e3 b6 7.Qc2 Bb7 8.Rd1 Nbd7
9.Be2 dxc4 10.Bxc4 Qc8 11.Qb3 Bd6 12.Ne5 Bxe5 13.dxe5 Nc5 14.Qc2 Nfe4 15.Ne2 a5
16.f3 h6 17.h4 Kh8 18.Nd4 Qe8 19.Bb5 c6 20.Be2 f5 21.fxe4 Nxe4 22.Qb3 c5
23.Nxe6 Rf7 24.Bh5 g6 25.Bxg6 Kg8 26.Ng5  1-0

[Event "TCh-AUT 1st Bundesliga 2012"]
[Site "Jenbach AUT"]
[Date "2012.04.20"]
[Round "9.4"]
[White "Schenk,An"]
[Black "Schroll,G"]
[Result "1-0"]
[WhiteElo "2499"]
[BlackElo "2388"]

1.d4 d5 2.c4 e6 3.Nf3 Nf6 4.Nc3 Be7 5.Bf4 O-O 6.e3 a6 7.cxd5 exd5 8.Qc2 Nbd7
9.Bd3 c5 10.dxc5 Nxc5 11.O-O Bg4 12.Rfd1 Qb6 13.Bxh7+ Kh8 14.Bf5 Bxf5 15.Qxf5 Qe6
16.Nd4 Qd7 17.Qxd7 Ncxd7 18.Nf5 Bb4 19.Nxd5 Nxd5 20.Rxd5 Nf6 21.Rd4 Ba5 22.Be5 Rfd8
23.Rh4+ Kg8  1-0

[Event "10th Nabokov Mem IM"]
[Site "Kiev UKR"]
[Date "2012.04.21"]
[Round "3.4"]
[White "Baltag,I"]
[Black "Terekhov,A"]
[Result "0-1"]
[WhiteElo "2420"]
[BlackElo "2305"]

1.Nf3 d5 2.d4 e6 3.c4 Be7 4.Nc3 Nf6 5.Bf4 O-O 6.e3 c5 7.dxc5 Bxc5 8.Qc2 Nc6
9.O-O-O Qa5 10.a3 Be7 11.Nd2 a6 12.Nb3 Qb6 13.c5 Qa7 14.Bg3 b6 15.cxb6 Qxb6
16.Na4 Qa7 17.Kb1 Bb7 18.Bd3 Rfc8 19.Qe2 Nd7 20.Bc2 Bf6 21.e4 Nce5 22.f4 Nc4
23.e5 Be7 24.Bf2 Qb8 25.Qd3 Nf8 26.Ka2 Bc6 27.Nc3 a5 28.Rb1 Rc7 29.Nd4 Bd7
30.Ba4 Bxa4 31.Nxa4 Qe8 32.Qd1 Rb8 33.h4 Nd7 34.Rh3 Nc5 35.Nxc5 Bxc5 36.b3 Nxa3
37.Rc1 a4 38.b4 Nc4 39.Rxc4 dxc4 40.bxc5 Rcb7 41.Qd2 Qd8 42.Rc3 a3 43.Qe1 Rb2+
44.Ka1 a2 45.Rc1  0-1

[Event "ch-BUL 2012"]
[Site "Panagyurishte BUL"]
[Date "2012.04.21"]
[Round "4.4"]
[White "Nikolov,Mo"]
[Black "Arnaudov,G"]
[Result "1-0"]
[WhiteElo "2550"]
[BlackElo "2476"]

1.d4 d5 2.Nf3 Nf6 3.c4 e6 4.Nc3 Be7 5.Bf4 O-O 6.e3 b6 7.Rc1 Bb7 8.cxd5 Nxd5
9.Nxd5 Qxd5 10.a3 c5 11.Bc4 Qd8 12.O-O cxd4 13.Nxd4 Bf6 14.Nb5 Qxd1 15.Rfxd1 a6
16.Nd6 Bc6 17.Rd2 Ba4 18.b3 Bc6 19.e4 Ra7 20.e5 Bd8 21.Be3 Rd7 22.Bxa6 Ra7
23.Bb5 Bd5 24.Bc4 Rxa3 25.Bxd5 exd5 26.Rb1 d4 27.Rxd4 Nc6 28.Rd5 Be7 29.Nc4 Ra6
30.Rb5 Re8 31.Rxb6 Rxb6 32.Bxb6 Bg5 33.Bc7 Bf4 34.g3 Bxe5 35.Nxe5 Nxe5 36.b4 Re7
37.Bxe5 Rxe5 38.b5 Kf8 39.b6 Re8 40.Kg2 Rb8 41.Kf3 Ke7 42.Rb4 Rb7 43.h4 Kd6
44.Rg4 f6 45.h5 g6 46.Rf4 Ke6 47.Rb4 Kd5 48.Rb1 Kc6 49.Ke4 Kd6 50.Kd4 Kc6
51.Kc4 Re7 52.b7  1-0